[Event "Stein am Rhien op 14th"]
[Site "Stein am Rhien"]
[Date "2023.04.29"]
[Round "2"]
[White "Hoffmann, Achim Gunter"]
[Black "Hies, Norbert"]
[Result "1-0"]
[WhiteElo "2059"]
[BlackElo "1465"]
[PlyCount "57"]
[EventDate "2023.04.28"]
[EventType "swiss"]
[EventRounds "5"]
[EventCountry "SUI"]
[SourceTitle "CBM 214 Extra"]
[Source "ChessBase"]
[SourceDate "2023.07.31"]
[SourceVersion "1"]
[SourceVersionDate "2023.07.31"]
[SourceQuality "1"]

1. e4 e5 2. Nf3 Nc6 3. Bc4 Nf6 4. Ng5 d5 5. exd5 b5 6. Bxb5 Qxd5 7. Nc3 Qxg2 8. Qf3 Qxf3 9. Nxf3 Bb7 10. Nxe5 Bd6 11. Bxc6+ Bxc6 12. Nxc6 0-0 13. 0-0 Ng4 14. f3 Ne5 15. Nxe5 Bxe5 16. d3 Rab8 17. Nd1 Rfe8 18. c3 g6 19. Ne3 c6 20. Nc4 Bg7 21. Be3 a6 22. Rfe1 h5 23. Bf4 Rbd8 24. Rxe8+ Rxe8 25. Kf2 Re7 26. Re1 Rb7 27. Re8+ Kh7 28. Ra8 Rd7 29. d4 1-0

[Event "Feffernitz op 31st"]
[Site "Feffernitz"]
[Date "2022.08.09"]
[Round "5"]
[White "Hoffmann, Achim Gunter"]
[Black "Leisch, Lukas"]
[Result "0-1"]
[WhiteElo "2125"]
[BlackElo "2404"]
[PlyCount "64"]
[EventDate "2022.08.06"]
[EventType "swiss"]
[EventRounds "9"]
[EventCountry "AUT"]
[SourceTitle "CBM 209 Extra"]
[Source "ChessBase"]
[SourceDate "2022.09.30"]
[SourceVersion "1"]
[SourceVersionDate "2022.09.30"]
[SourceQuality "1"]

1. e4 c5 2. Nf3 d6 3. d4 cxd4 4. Nxd4 Nf6 5. Nc3 a6 6. Bc4 e6 7. Bb3 Nbd7 8. Be3 Nc5 9. f3 b5 10. Qd2 Qc7 11. g4 Nfd7 12. a4 b4 13. Nce2 Nxb3 14. Nxb3 Ne5 15. Kf2 Rb8 16. Qc1 Be7 17. Nbd4 Nc4 18. Bg5 f6 19. Bh4 e5 20. b3 exd4 21. bxc4 Qxc4 22. Rd1 d5 23. Qf4 Rb7 24. exd5 Qxd5 25. Nxd4 g5 26. Qe3 gxh4 27. Nf5 Qe5 28. Nd6+ Bxd6 29. Rxd6 Qxe3+ 30. Kxe3 Kf7 31. Rb1 Re7+ 32. Kd3 a5 0-1

[Event "Deizisau Autumn op 14th"]
[Site "Deizisau"]
[Date "2019.10.28"]
[Round "7"]
[White "Lehmann, Stefan1111"]
[Black "Hoffmann, Achim Gunter"]
[Result "0-1"]
[WhiteElo "1989"]
[BlackElo "2125"]
[PlyCount "106"]
[EventDate "2019.10.25"]
[EventType "swiss"]
[EventRounds "7"]
[EventCountry "GER"]
[SourceTitle "CBM 192 Extra"]
[Source "Chessbase"]
[SourceDate "2019.11.06"]
[SourceVersion "1"]
[SourceVersionDate "2019.11.06"]
[SourceQuality "1"]

1. e4 c5 2. Nc3 e6 3. Nf3 Nc6 4. d4 cxd4 5. Nxd4 a6 6. Qd3 Qc7 7. Nxc6 bxc6 8. Qg3 Qxg3 9. hxg3 d5 10. Na4 Rb8 11. exd5 cxd5 12. Bf4 Rb4 13. b3 e5 14. Be3 d4 15. Bd2 Rb8 16. c3 dxc3 17. Bxc3 Bb4 18. Rh4 a5 19. Rc1 Ne7 20. Bxb4 axb4 21. Rc5 0-0 22. Bd3 f5 23. f3 Ng6 24. Rh1 Bd7 25. Nb2 Ra8 26. Bb1 Rfc8 27. Rxc8+ Rxc8 28. Kd2 Ne7 29. Nd3 Nc6 30. Nc5 g6 31. Rc1 Be8 32. Nd3 Rd8 33. Ke3 Rd6 34. Rc5 Ne7 35. Nxb4 f4+ 36. gxf4 exf4+ 37. Kxf4 Rd4+ 38. Ke5 Rxb4 39. Kd6 Kf7 40. Rc7 Rd4+ 41. Ke5 Rd1 42. Be4 Rd2 43. Rc2 Rxc2 44. Bxc2 Nc6+ 45. Kf4 Kf6 46. a4 Nb4 47. Bd1 h5 48. g4 g5+ 49. Kg3 h4+ 50. Kh3 Nd3 51. Bc2 Bg6 52. Bxd3 Bxd3 53. f4 Bf1+ 0-1

[Event "Basel op"]
[Site "Basel"]
[Date "2019.01.05"]
[Round "5"]
[White "Hoffmann, Achim Gunter"]
[Black "Haenggi, Markus"]
[Result "1-0"]
[WhiteElo "2135"]
[BlackElo "2064"]
[PlyCount "81"]
[EventDate "2019.01.02"]
[EventType "swiss"]
[EventRounds "7"]
[EventCountry "SUI"]
[SourceTitle "CBM 188 Extra"]
[Source "ChessBase"]
[SourceDate "2019.02.26"]
[SourceVersion "1"]
[SourceVersionDate "2019.02.26"]
[SourceQuality "1"]

1. e4 c5 2. Nf3 a6 3. d4 cxd4 4. Nxd4 Nf6 5. Nc3 e5 6. Nde2 Bb4 7. a3 Ba5 8. Bg5 h6 9. Bh4 g5 10. Bg3 Nc6 11. Qd3 d5 12. b4 dxe4 13. Nxe4 Nxe4 14. Qxe4 f5 15. Qf3 Bb6 16. Rd1 Qf6 17. h4 g4 18. Qe3 0-0 19. f4 gxf3 20. Qxf3 Be6 21. Bf2 Bxf2+ 22. Qxf2 f4 23. Nc3 Bf5 24. Bc4+ Kh8 25. Nd5 Qg7 26. 0-0 Be4 27. Rfe1 Bxd5 28. Bxd5 Nd4 29. c3 Nf5 30. Be4 Ne3 31. Rd6 Rf6 32. Rxf6 Ng4 33. Rg6 Nxf2 34. Rxg7 Nxe4 35. Rxb7 Nxc3 36. Rxe5 Rd8 37. Re6 Kg8 38. Rg6+ Kf8 39. Rxh6 Rd1+ 40. Kh2 Kg8 41. Rc6 1-0

[Event "Basel op"]
[Site "Basel"]
[Date "2019.01.03"]
[Round "3"]
[White "Hoffmann, Achim Gunter"]
[Black "Curien, Nicolas"]
[Result "1-0"]
[WhiteElo "2135"]
[BlackElo "2214"]
[PlyCount "81"]
[EventDate "2019.01.02"]
[EventType "swiss"]
[EventRounds "7"]
[EventCountry "SUI"]
[SourceTitle "CBM 188 Extra"]
[Source "ChessBase"]
[SourceDate "2019.02.26"]
[SourceVersion "1"]
[SourceVersionDate "2019.02.26"]
[SourceQuality "1"]

1. e4 e6 2. d4 d5 3. Nc3 Bb4 4. e5 c5 5. a3 Bxc3+ 6. bxc3 Ne7 7. Nf3 b6 8. Bd3 Ba6 9. 0-0 Bxd3 10. cxd3 cxd4 11. Nxd4 Nbc6 12. Nf3 0-0 13. a4 Qd7 14. Re1 Rac8 15. Ba3 Rfd8 16. Qb3 Na5 17. Qb4 Nf5 18. g4 Nc6 19. Qf4 Nfe7 20. h4 Ng6 21. Qg3 Na5 22. h5 Nf8 23. Bb4 Nb3 24. Ra3 Nc5 25. Nd4 a6 26. a5 b5 27. f4 f6 28. exf6 gxf6 29. Qe3 e5 30. Nf5 exf4 31. Qd4 Re8 32. Raa1 Qc6 33. Rxe8 Rxe8 34. Bxc5 Qe6 35. Qxf4 Nd7 36. Bd4 Ne5 37. Qh6 Nf3+ 38. Kh1 Qf7 39. Nd6 Re2 40. Qf4 Qe6 41. Qxf3 1-0

[Event "Merano Cup Gold 37th"]
[Site "Merano"]
[Date "2009.04.19"]
[Round "3"]
[White "Meertens, Martin"]
[Black "Hoffmann, Achim Gunter"]
[Result "0-1"]
[WhiteElo "2154"]
[BlackElo "2143"]
[PlyCount "84"]
[EventDate "2009.04.17"]
[EventType "swiss"]
[EventRounds "9"]
[EventCountry "ITA"]
[SourceTitle "CBM 130 Extra"]
[Source "ChessBase"]
[SourceDate "2009.07.02"]
[SourceVersion "2"]
[SourceVersionDate "2009.07.15"]
[SourceQuality "1"]

1. e4 c5 2. Nf3 d6 3. d4 cxd4 4. Nxd4 Nf6 5. Nc3 a6 6. a4 e5 7. Nf3 Qc7 8. Be2 b6 9. 0-0 Nbd7 10. Re1 Be7 11. Nd2 Nc5 12. Bc4 Be6 13. Qe2 0-0 14. Bd5 Nxd5 15. Nxd5 Bxd5 16. exd5 f5 17. b4 Nd7 18. c4 Bg5 19. Nb3 Bf6 20. Ba3 Rfc8 21. Rac1 Bg5 22. Rc2 b5 23. Na5 Nb6 24. Qh5 Qe7 25. f4 Bxf4 26. Qf3 Qe8 27. Nc6 Nxc4 28. Rxc4 bxc4 29. Rd1 Rc7 30. b5 axb5 31. axb5 Rb7 32. Bxd6 Rxb5 33. g3 Rb3 34. Qe2 c3 35. Ne7+ Kh8 36. gxf4 Rb2 37. Qf1 Raa2 38. Rb1 Qh5 39. h3 Qh4 40. Rxb2 Rxb2 41. Qf3 Qe1+ 42. Qf1 Qg3+ 0-1

[Event "Doeberl Cup 44th"]
[Site "Canberra"]
[Date "2006.04.15"]
[Round "4"]
[White "Goldenberg, Igor"]
[Black "Hoffmann, Achim Gunter"]
[Result "1-0"]
[WhiteElo "2328"]
[BlackElo "2188"]
[PlyCount "36"]
[EventDate "2006.04.14"]
[EventType "swiss"]
[EventRounds "7"]
[EventCountry "AUS"]
[SourceTitle "CBM 111 Extra"]
[Source "ChessBase"]
[SourceDate "2006.05.09"]
[SourceVersion "1"]
[SourceVersionDate "2006.05.09"]
[SourceQuality "1"]

1. d4 Nf6 2. Nf3 e6 3. c4 c5 4. d5 exd5 5. cxd5 d6 6. Nc3 g6 7. e4 Bg7 8. Bg5 Qa5 9. Nd2 a6 10. Be2 b5 11. Qc2 0-0 12. 0-0 Qc7 13. a4 b4 14. Nd1 a5 15. Ne3 Re8 16. b3 Nbd7 17. Rad1 Nb6 18. Rfe1 Ra7 1-0

[Event "Doeberl Cup 44th"]
[Site "Canberra"]
[Date "2006.04.15"]
[Round "3"]
[White "Hoffmann, Achim Gunter"]
[Black "Broekhuijse, Paul"]
[Result "1-0"]
[WhiteElo "2188"]
[BlackElo "2063"]
[PlyCount "91"]
[EventDate "2006.04.14"]
[EventType "swiss"]
[EventRounds "7"]
[EventCountry "AUS"]
[SourceTitle "CBM 111 Extra"]
[Source "ChessBase"]
[SourceDate "2006.05.09"]
[SourceVersion "1"]
[SourceVersionDate "2006.05.09"]
[SourceQuality "1"]

1. e4 e5 2. Nf3 Nc6 3. Bb5 a6 4. Ba4 Nf6 5. 0-0 b5 6. Bb3 Bc5 7. d3 h6 8. Nc3 0-0 9. Be3 Bxe3 10. fxe3 d6 11. Qe1 Na5 12. Nh4 Nxb3 13. axb3 b4 14. Ne2 d5 15. exd5 Nxd5 16. Qg3 Qg5 17. Nf5 Bxf5 18. Qxg5 hxg5 19. Rxf5 f6 20. Rf3 g4 21. Rg3 f5 22. h3 gxh3 23. Rxh3 a5 24. Kf2 f4 25. exf4 exf4 26. Rh5 Ne3 27. Rc5 Nxg2 28. Nd4 f3 29. Rxc7 Rae8 30. Rxa5 Ne3 31. Raa7 Nf5 32. Nxf5 Rxf5 33. Rxg7+ Kf8 34. Rh7 Re2+ 35. Kf1 Kg8 36. Rag7+ Kf8 37. Rc7 Kg8 38. Rcg7+ Kf8 39. Rb7 Kg8 40. Rhc7 Re8 41. Rg7+ Kf8 42. Rh7 Kg8 43. Rbg7+ Kf8 44. Rg4 f2 45. Rh8+ Kf7 46. Rxe8 1-0

[Event "Doeberl Cup 43rd"]
[Site "Canberra"]
[Date "2005.03.26"]
[Round "4"]
[White "Stojic, Svetozar"]
[Black "Hoffmann, Achim Gunter"]
[Result "1-0"]
[WhiteElo "1807"]
[BlackElo "2066"]
[PlyCount "43"]
[EventDate "2005.03.25"]
[EventType "swiss"]
[EventRounds "7"]
[EventCountry "AUS"]
[SourceTitle "CBM 105 Extra"]
[Source "ChessBase"]
[SourceDate "2005.05.01"]
[SourceVersion "1"]
[SourceVersionDate "2005.05.01"]
[SourceQuality "1"]

1. e4 c5 2. Nf3 d6 3. d4 cxd4 4. Nxd4 Nf6 5. Nc3 a6 6. Bg5 e6 7. f4 Qb6 8. Qd2 Qxb2 9. Rb1 Qa3 10. f5 Be7 11. fxe6 fxe6 12. Bc4 d5 13. exd5 Qc5 14. Bb3 exd5 15. 0-0 Nc6 16. Be3 Qd6 17. Rxf6 Bxf6 18. Nxd5 Bd7 19. Nxc6 Qxc6 20. Bb6 Bd8 21. Qe3+ Be6 22. Ba4 1-0

[Event "Doeberl Cup 42nd"]
[Site "Canberra"]
[Date "2004.04.12"]
[Round "7"]
[White "Hoffmann, Achim Gunter"]
[Black "Pengelley, Justin"]
[Result "1-0"]
[WhiteElo "2177"]
[BlackElo "2053"]
[PlyCount "102"]
[EventDate "2004.04.09"]
[EventType "swiss"]
[EventRounds "7"]
[EventCountry "AUS"]
[SourceTitle "EXT 2005"]
[Source "ChessBase"]
[SourceDate "2004.11.15"]
[SourceVersion "1"]
[SourceVersionDate "2004.11.15"]
[SourceQuality "1"]

1. e4 d5 2. exd5 Qxd5 3. Nc3 Qd6 4. d4 Nf6 5. Nf3 a6 6. Bc4 Nc6 7. h3 Bf5 8. Be3 e6 9. Qe2 Be7 10. 0-0-0 Nd5 11. Qd2 0-0-0 12. Rhe1 h6 13. Bxd5 exd5 14. Bf4 Qd7 15. Ne5 Nxe5 16. Bxe5 f6 17. Bh2 Rhe8 18. g4 Be6 19. f3 g5 20. Qd3 Bd6 21. Bxd6 Qxd6 22. Qg6 Qf4+ 23. Kb1 Qxf3 24. Qxh6 Rh8 25. Qg7 Rdg8 26. Qe7 Re8 27. Qc5 Qxh3 28. Qa7 Bxg4 29. Rxe8+ Rxe8 30. Rc1 Bf3 31. Qa8+ Kd7 32. Qxb7 Qe6 33. Na4 Qd6 34. Nc5+ Ke7 35. Nxa6 Kf7 36. Nxc7 Re7 37. Qb3 g4 38. Nb5 Qb6 39. c4 Be4+ 40. Ka1 Qc6 41. c5 Bf3 42. Nd6+ Kg6 43. Rg1 f5 44. Qd3 Qd7 45. b4 Be4 46. Qg3 Re6 47. b5 Qa7 48. b6 Qa4 49. Qc3 Rxd6 50. cxd6 Qb5 51. Qb2 Qd3 1-0

[Event "Biel MTO op"]
[Site "Biel"]
[Date "2003.07.21"]
[Round "1"]
[White "Hoffmann, Achim Gunter"]
[Black "Riazantsev, Alexander"]
[Result "0-1"]
[WhiteElo "2174"]
[BlackElo "2533"]
[PlyCount "68"]
[EventDate "2003.07.19"]
[EventType "swiss"]
[EventRounds "11"]
[EventCountry "SUI"]
[SourceTitle "CBM 095 Extra"]
[Source "ChessBase"]
[SourceDate "2003.09.04"]
[SourceVersion "1"]
[SourceVersionDate "2003.09.04"]
[SourceQuality "1"]

1. e4 c6 2. d4 d5 3. Nc3 dxe4 4. Nxe4 Bf5 5. Ng3 Bg6 6. Nf3 Nd7 7. Be3 e6 8. Bd3 Ngf6 9. 0-0 Be7 10. c4 0-0 11. Bxg6 hxg6 12. Qc2 a5 13. Rad1 a4 14. Rfe1 Qa5 15. Bg5 Rfe8 16. Re2 Rad8 17. Ne5 Nf8 18. c5 Qa6 19. Nc4 Bxc5 20. Bxf6 gxf6 21. dxc5 Rxd1+ 22. Qxd1 Qxc4 23. Ne4 Nh7 24. Nd6 Rd8 25. Qe1 Qxa2 26. Qa5 b6 27. cxb6 Rxd6 28. Qa8+ Kg7 29. h3 Rd1+ 30. Kh2 Qd5 31. Re3 Qd6+ 32. Rg3 Rb1 33. Qc8 Rxb2 34. Qc7 Qb4 0-1